000 00818cab a2200265 4500
001 WB3113-02
008 090401t1995 xxu||||| |||| 00| 0 eng d
035 _a(Sirsi) u40995
041 _aeng
245 _aAsbestos-related diseases
260 _c1995
350 _a0
490 _aFinancial Times
_v29 March 1995, 14(1)
520 _aExamines the rising number of asbestos-related diseases and considers advice for those exposed to the material.
650 _aASBESTOS DUST
650 _aMANAGEMENT-HEALTH AND SAFETY-HAZARDOUS SUBSTANCES-ASBESTOS
650 _aASBESTOSIS
650 _aCANCER
650 _aCONTROL OF ASBESTOS AT WORK REGULATIONS 1992
650 _aHEALTH HAZARDS
650 _aMESOTHELIOMA
690 _aBUILT ENVIRONMENT-BUILDING PATHOLOGY
942 _n0
948 _c04/03/1997
999 _c26305
_d26305